Aplikace simulátorů ve výcviku leteckých specialistů : mezinárodní konference SimSchool 2015 ; Mezinárodní letiště Leoše Janáčka, Ostrava - Mošnov, 18. - 19. 9. 2015 /
Uloženo v:
| Korporativní autor: | |
|---|---|
| Médium: | Konferenční příspěvek Kniha |
| Jazyk: | čeština slovenština angličtina |
| Vydáno: |
Mošnov :
LET'S FLY,
2015
|
| Témata: | |
| ISBN: | 9788026083375 |
| On-line přístup: |
|
| Tagy: |
Přidat tag
Žádné tagy, Buďte první, kdo vytvoří štítek k tomuto záznamu!
|
MARC
| LEADER | 00000nam a2200000 4500 | ||
|---|---|---|---|
| 003 | SK-BrCVT | ||
| 005 | 20220618110444.0 | ||
| 006 | m e d 000 0 | ||
| 007 | ta | ||
| 008 | 160712s2015 xr e d 000 0cze#d | ||
| 020 | |a 9788026083375 | ||
| 035 | |a CVTIDW0058795 | ||
| 040 | |a SNK |b slo |c KURUK |e AACR2 |d CVTI SR | ||
| 041 | 0 | |a cze |a slo |a eng |b cze |b eng | |
| 044 | |a xr |c CZ | ||
| 080 | |a 004.4 |2 2008 | ||
| 111 | 2 | |a Aplikace simulátorů ve výcviku leteckých specialistů : konference SimSchool 2015 |c Ostrava - Mošnov, Česko) |d (18. - 19. 9. 2015 : | |
| 245 | 1 | 0 | |a Aplikace simulátorů ve výcviku leteckých specialistů : |b mezinárodní konference SimSchool 2015 ; Mezinárodní letiště Leoše Janáčka, Ostrava - Mošnov, 18. - 19. 9. 2015 / |c |h elektronický zdroj |
| 246 | 1 | 0 | |a Konference SimSchool 2015 |b sborník příspěvků |
| 246 | 1 | 0 | |a SimSchool 2015 |
| 260 | |a Mošnov : |b LET'S FLY, |c 2015 | ||
| 300 | |a 1 CD-ROM ; |c 13 cm | ||
| 500 | |a Názov z titulnej obrazovky | ||
| 516 | |a Textový dokument | ||
| 538 | |a Technické požiadavky: Adobe Acrobat Reader, HTML | ||
| 653 | 1 | |a letecký simulátor | |
| 653 | 1 | |a softvér | |
| 653 | 1 | |a software | |
| 655 | 7 | |a kompaktné disky (CD) |2 SNKPH | |
| 710 | 2 | |a LET'S FLY (Mezinárodní letiště, Ostrava - Mošnov, Česko) |4 orm | |
| 720 | 2 | |a LET ́S FLY s.r.o. |4 org | |
| 852 | |a CVTISR |b 1 | ||
| 910 | |b Z001366 | ||
| 919 | |a 978-80-260-8337-5 | ||
| 959 | |a 18 | ||
| 974 | |a katarina.repata |f Knihy | ||
| 992 | |a JDC | ||
| 992 | |a AZN | ||
| 999 | |c 261342 |d 261342 | ||

